Géographie de la France par lettre - T - Statistiques

Statistiques générales
  • Ce quiz a été pris 24 684 fois
    21 896 depuis la dernière actualisation
  • Le résultat moyen est 10 sur 20
Statistiques - réponses
Question Réponse % Correct
Ville la plus peuplée de la région Occitanie Toulouse
98%
Ville la plus peuplée de la région Centre-Val-de-Loire Tours
86%
Chef-lieu du Var Toulon
80%
Rivière et département de Castres et d'Albi Tarn
78%
Place parisienne faisant face à la Tour Eiffel et où se trouve le palais Chaillot Place du {Trocadéro}
63%
Île la plus peuplée de la Polynésie française. Où se situent Papeete ou Faa'a Tahiti
62%
Deuxième commune la plus peuplée du département du Nord Tourcoing
58%
Station balnéaire du Pas-de-Calais prisée des touristes et du couple Macron Le {Touquet}
57%
Chef-lieu de la Corrèze, François Hollande en est l'ancien maire Tulle
51%
Principale ville des Hautes-Pyrénées Tarbes
50%
Chef-lieu de l'Aube Troyes
46%
Ancienne province du Royaume. Elle tient son nom de la ville précédente et est située autour d'elle. Touraine
39%
Département franc-comtois Territoire de Belfort
36%
Sous-préfecture haute-savoyarde sur le Léman Thonon-les-Bains
34%
Lagune héraultaise, la plus grande d'Occitanie Bassin ou Etang de {Thau}
27%
Sous-préfecture et deuxième ville la plus peuplée de Moselle Thionville
23%
Acronyme désignant des territoires français de l'Océan Indien dont les Îles Kerguelen et les îles Eparses TAAF
21%
Quatrième commune de La Réunion en termes de population. Située à proximité de Saint-Pierre Le {Tampon}
20%
Vallée et province historique savoyarde accueillant de nombreuses stations de ski Tarentaise
19%
Commune frontalière de Monaco, connue pour accueillir le trophée d'Auguste et le centre d'entraînement de l'ASM La {Turbie}
16%
Aucun quiz correspondant
Distribution des résultats
% des personnes avec chaque résultat
Percentile par nombre de réponses
Votre historique - résultats
Vous n’avez pas pris ce quiz depuis la dernière actualisation